000 00620nam a2200229Ia 4500
003 OSt
005 20221007082026.0
006 a|||||r|||| 00| 0
007 ta
008 221006b |||||||| |||| 00| 0 eng d
024 _a24,356
037 _cTextual
040 _aFLL
_cFLL
_beng
041 _2eng
_aeng
082 _aZ2,5W6, M1
100 _aGriffith J.A.G.
245 0 _aPublic rights and private interests
260 _aTrivandrum
_bThe Academy of legal publications India
_c1981
300 _a1-195p
_ccm.
942 _hZ2,5W6, M1
_cTEXL
_2CC
999 _c1165081
_d1165081